[Event "11. OSEM SH 2017"]
[Site "Büsum"]
[Date "2017.09.15"]
[Round "8.87"]
[White "Horn, Wilfried"]
[Black "Boß, Kurt"]
[Result "1-0"]
[WhiteElo "1412"]
[BlackElo "1222"]
[PlyCount "76"]
[EventDate "2017.??.??"]
[WhiteTeam "SV Bad Schwartau"]
[BlackTeam "Flensburger SK"]

1. c4 c6 2. Nc3 Nf6 3. Nf3 d5 4. cxd5 cxd5 5. d4 g6 6. e3 Bg4 7. Be2 Nbd7 8.
Qb3 Nb6 9. h3 Be6 10. O-O Bg7 11. Qc2 Rc8 12. Qd1 Ne4 13. Nxe4 dxe4 14. Nd2 Bd5
15. b3 O-O 16. Bb2 Qd7 17. Rc1 Rxc1 18. Qxc1 Rc8 19. Qb1 a6 20. Rc1 Rxc1+ 21.
Qxc1 e6 22. Bc4 Bf6 23. Be2 Be7 24. f4 Qd8 25. g3 Qb8 26. Nc4 Bd8 27. Nd2 g5
28. Qc2 f5 29. Nc4 Qc8 30. Qc1 Qd7 31. Ba3 Bc7 32. Ne5 Bxe5 33. dxe5 gxf4 34.
Qc5 Qd8 35. gxf4 Nd7 36. Qb4 b5 37. Qd6 a5 38. Bxb5 Qb6 1-0

[Event "11. OSEM SH 2017"]
[Site "Büsum"]
[Date "2017.09.15"]
[Round "8.88"]
[White "Walther, Renate"]
[Black "Deak-Willimsky, Emanuela"]
[Result "0-1"]
[WhiteElo "1173"]
[BlackElo "1502"]
[PlyCount "50"]
[EventDate "2017.??.??"]
[WhiteTeam "SK Herzogenaurach"]
[BlackTeam "SF Furtwangen-Vöhrenbach"]

1. e4 c5 2. Nf3 Nc6 3. d4 cxd4 4. Nxd4 Nf6 5. Nc3 e6 6. Be2 Bb4 7. Bd2 Bxc3 8.
Bxc3 Nxe4 9. Nxc6 Nxc3 10. Nxd8 Nxd1 11. Rxd1 Kxd8 12. O-O g6 13. Rd2 Re8 14.
Rfd1 Re7 15. Bf3 a6 16. b4 Ra7 17. c4 b5 18. c5 d5 19. cxd6 Red7 20. Bc6 Rxd6
21. Rxd6+ Kc7 22. R1d2 Kb8 23. Rd8 Rc7 24. R2d6 Ka7 25. Bd7 Rc1+ 0-1

[Event "11. OSEM SH 2017"]
[Site "Büsum"]
[Date "2017.09.15"]
[Round "8.89"]
[White "Baumast, Bernd"]
[Black "Cordsen, Heinrich"]
[Result "1/2-1/2"]
[WhiteElo "1583"]
[BlackElo "1722"]
[PlyCount "50"]
[EventDate "2017.??.??"]
[WhiteTeam "SV Bad Oldesloe"]
[BlackTeam "SK Union Oldenburg"]

1. b4 e5 2. Bb2 Bxb4 3. Bxe5 Nf6 4. e3 O-O 5. g3 d5 6. Bg2 Re8 7. Bb2 d4 8.
Bxd4 Qxd4 9. c3 Qb6 10. cxb4 Qxb4 11. Nc3 Bf5 12. Nge2 Nbd7 13. O-O Bd3 14. Re1
Rad8 15. Nf4 Nc5 16. Nxd3 Nxd3 17. Re2 b6 18. Rb1 Qc4 19. Qb3 Qxb3 20. axb3 c5
21. Bc6 Re6 22. Bb5 Ne5 23. Rb2 Red6 24. Kg2 g5 25. f4 gxf4 1/2-1/2